000 01779 a2200229 4500
005 20260422145630.0
008 260422b |||||||| |||| 00| 0 eng d
020 _a9781032848310
040 _aCSL
_cCSL
041 _2eng
_aeng
084 _aCM65 R5 CARPA
_qCSL
100 _aLeek, Meng Lee
_91132011
_eauthor.
245 _aClassical Electrodynamic
_b: Concise and Detailed Guide
260 _aBoca Raton :
_bCRC Press ,
_c2025 .
300 _aix, 163p.
_b: ill.
_c; 26cm.
520 _aClassical Electrodynamics: A Concise and Detailed Guide covers the essential theoretical foundations of electrodynamics from the vector calculus formulation to the classical gauge field theory. The essential theoretical formalism of electrodynamics is covered with all mathematical derivations provided. The derivations are uniquely presented with inline, line-by-line explanations, which makes every derivation easy to follow. The reader does not need to struggle to fill in the steps, and the reader can focus on pondering over the physical content and implications of the derived results. The content is supplemented with numerous exercises with their complete solutions included. This book is for students who are interested in theoretical physics and seek an efficient but proper preparation of the essential knowledge in electrodynamics and classical gauge field theory. With this background knowledge, the student will be able to progress further into concepts beyond electrodynamics, like general relativity or quantum gauge field theories.
650 _aSpacial relativity.
_91235392
650 _aRadiation.
650 _aGauge theory.
_91235393
650 _aElectromagnetism.
_9851818
942 _cTEXL
_2CC
_hCM65 R5 CARPA
999 _c1715359
_d1715359